Costa Rica hacia el siglo XXI: estrategias y políticas para un nuevo desarrollo/
Aborda las estrategias y políticas destinadas a impulsar el desarrollo de Costa Rica en el período que rodea el cambio de siglo. Podría incluir análisis sobre diversos aspectos como economía, política, educación, tecnología y sostenibilidad, proporcionando una visión integral del panorama de desarro...
Shranjeno v:
| Glavni avtor: | |
|---|---|
| Format: | Knjiga |
| Jezik: | Spanish |
| Teme: | |
| Oznake: |
Označite
Brez oznak, prvi označite!
|
MARC
| LEADER | 00000nam a22000007a 4500 | ||
|---|---|---|---|
| 003 | cru CIDCACS/IIS | ||
| 005 | 20240115161213.0 | ||
| 007 | ta | ||
| 008 | 190222s2000 cr |||||r||||||0| ||spa|d | ||
| 040 | |c cru CIDCACS/IIS | ||
| 100 | 1 | |9 5450 |a Mora Jiménez, Henry |d editor | |
| 245 | 1 | |a Costa Rica hacia el siglo XXI: |b estrategias y políticas para un nuevo desarrollo/ |c Henry Mora Jiménez, editor | |
| 300 | |a 139 páginas: |b tablas, gráficos | ||
| 520 | |a Aborda las estrategias y políticas destinadas a impulsar el desarrollo de Costa Rica en el período que rodea el cambio de siglo. Podría incluir análisis sobre diversos aspectos como economía, política, educación, tecnología y sostenibilidad, proporcionando una visión integral del panorama de desarrollo del país. RAR 01/2024 | ||
| 650 | 0 | |a DESARROLLO ECONOMICO |2 OCDE |9 2142 | |
| 650 | 0 | |a POLITICAS PUBLICAS |2 OCDE |9 3784 | |
| 650 | 0 | |a DESARROLLO SOSTENIBLE |2 OCDE |9 2049 | |
| 650 | 0 | |a INNOVACIONES |2 OCDE |9 5318 | |
| 650 | 0 | |a EDUCACION |2 OCDE |9 944 | |
| 650 | 0 | |a POLITICA AMBIENTAL |2 OCDE |9 3687 | |
| 650 | 0 | |a EQUIDAD SOCIAL |2 OCDE |9 2139 | |
| 650 | 0 | |a COMPETITIVIDAD |2 OCDE |9 5594 | |
| 650 | 0 | |a GOBERNANCIA |2 OCDE |9 7946 | |
| 650 | 0 | |a PARTICIPACION ACTIVA |2 OCDE |9 11602 | |
| 650 | 0 | |a POLÍTICAS EDUCATIVAS |2 UNESCO |9 6370 | |
| 650 | 0 | |a CULTURA |2 UNESCO |9 126 | |
| 650 | 0 | |a MEDIO AMBIENTE |2 UNESCO |9 341 | |
| 650 | 0 | |a DIVERSIDAD CULTURAL |2 UNESCO |9 11642 | |
| 650 | 0 | |a INVESTIGACION CIENTIFICA |2 UNESCO |9 7953 | |
| 651 | 0 | |a COSTA RICA |2 OCDE |9 32 | |
| 773 | 0 | |0 42207 |9 2692 |a Universidad Nacional de Costa Rica |d San José, Costa Rica: UNA, 1996- |o 18299 |t Revista Economía y Sociedad / |x 14091070 | |
| 942 | |2 ddc |c PP | ||
| 999 | |c 42216 |d 42216 | ||
